| 000 | 00583nam a2200205 i 4500 | ||
|---|---|---|---|
| 001 | 42171 | ||
| 003 | ES-MaACL | ||
| 005 | 20230906160548.0 | ||
| 007 | t| | ||
| 008 | 030312s1960 sp ||||1| spa d | ||
| 100 | 1 |
_aCastelló Roca, Augusto. _936564 |
|
| 245 | 1 | 3 |
_aEl cuerpo humano / _cpor Augusto Castelló Roca. |
| 250 | _a[1ª ed.]. | ||
| 260 |
_aBarcelona : _bGassó, _c[1960] |
||
| 300 |
_a406 p. : _bil. ; _c20 cm. |
||
| 490 | 1 | _aEnciclopedias de Gassó | |
| 830 | 0 |
_aEnciclopedias de Gassó _9181703 |
|
| 852 |
_aES-MaACL _jC-19108 _bR.46947 |
||
| 999 |
_c42171 _d42171 |
||